Biologizácia ochrany rastlín vystúpenie Norberta M. Beňušku na XII. valnom zhromaždení SAPV v Nitre

Bibliographic Details
Main Author: Beňuška, Norbert, 1939-2017 (Author)
Format: Article
Language:Slovak
Subjects:

MARC

LEADER 00000nab a2200000 a 4500
001 vtls000665470
003 SK-MaSNL
005 20260304034753.0
008 180206c1998 xo 0 slo
015 |a SNBRB1998/06-17329 
035 |a CLN000017655 
040 |a SNKBUCL  |b slo  |c SNKBUCL  |e AACR2 
041 0 |a slo 
044 |a xo  |c SK 
080 |a 632.9(437.6)  |2 UDC-MRF-SK2 
100 1 |a Beňuška, Norbert,  |d 1939-2017  |4 aut  |9 195126 
245 1 0 |a Biologizácia ochrany rastlín  |b vystúpenie Norberta M. Beňušku na XII. valnom zhromaždení SAPV v Nitre 
650 0 7 |a ochrana rastlín  |2 snkbucl  |9 3636 
650 0 7 |a rastlinolekárska starostlivosť  |2 snkbucl  |9 73581 
655 7 |a články z novín a časopisov  |2 snkbucl  |9 267496 
773 0 |t Roľnícke noviny  |g Č. 119 (24.6.1998) 
773 0 |t [Príl.] Beseda  |g Roč. 5, č. 27 (1998), s. 3 
850 |a Slovenská národná knižnica v Martine 
852 |a SNK  |b KIS3GCP 
958 |a RBX 
999 |c 2654841  |d 2656771